[Event "Chigorin Memorial"]
[Site "St Petersburg RUS"]
[Date "2012.11.04"]
[Round "9.83"]
[White "Dolzhykova, Kateryna"]
[Black "Denishev, Marat"]
[Result "1-0"]
[WhiteTitle "WIM"]
[WhiteElo "2313"]
[BlackElo "2198"]
[WhiteFideId "14113414"]
[BlackFideId "24131563"]
[EventDate "2012.10.27"]

1. e4 c5 2. Nf3 e6 3. c4 Nc6 4. Nc3 Nf6 5. Be2 d5 6. exd5 exd5 7. d4 Be6 8. Be3
cxd4 9. Nxd4 Nxd4 10. Bxd4 dxc4 11. Qa4+ Qd7 12. Nb5 Rc8 13. Bxf6 a6 14. Nd6+
Bxd6 15. Qxd7+ Bxd7 16. Bxg7 Rg8 17. Bc3 Bc6 18. O-O-O Bf4+ 19. Kb1 Rxg2 20.
Rhe1 Kf8 21. Bxc4 Bxh2 22. Bb4+ Kg8 23. Re7 Rxf2 24. Rd4 h5 25. Rh4 Bb5 26. Bxb5
axb5 27. Rxh5 Bd6 28. Re1 Rc6 29. Bc3 f6 30. Rg1+ Kf7 31. Rh7+ Ke6 32. Rxb7 b4
33. Re1+ Kd5 34. Bxb4 Bxb4 35. Rxb4 Kc5 36. Rc1+ Kxb4 37. Rxc6 f5 38. a3+ Kb3
39. Rc3+ Ka4 40. Ka2 Kb5 41. Kb3 f4 42. a4+ Ka5 43. Rc5+ Kb6 44. Rf5 f3 45. Kc3
Rf1 46. Kb4 Ka6 47. Rf6+ Kb7 48. Kb5 f2 49. Rf7+ Kb8 50. b4 Kc8 51. a5 Kb8 52.
Kb6 Kc8 53. Rf8+ Kd7 54. b5 Ke7 55. Rf3 Ke6 56. a6 Kd6 57. a7 1-0

[Event "Chigorin Memorial"]
[Site "St Petersburg RUS"]
[Date "2012.11.04"]
[Round "9.85"]
[White "Torlopov, Nikita"]
[Black "Gubernatorov, Sergey"]
[Result "1-0"]
[BlackTitle "FM"]
[WhiteElo "2184"]
[BlackElo "2311"]
[WhiteFideId "4191722"]
[BlackFideId "4148215"]
[EventDate "2012.10.27"]

1. d4 Nf6 2. c4 g6 3. Nc3 d5 4. Nf3 Bg7 5. Bf4 O-O 6. Rc1 c5 7. dxc5 Qa5 8. cxd5
Rd8 9. Bd2 Qxc5 10. Qb3 Na6 11. e4 e6 12. Be2 Qe7 13. d6 Qe8 14. e5 Ng4 15. Bf4
f6 16. Ne4 g5 17. exf6 gxf4 18. fxg7 Qg6 19. Bd3 Qxg7 20. O-O Kh8 21. Bxa6 bxa6
22. Rc7 Bd7 23. Nc5 Rab8 24. Rxd7 Qxd7 25. Qxb8 1-0

[Event "Chigorin Memorial"]
[Site "St Petersburg RUS"]
[Date "2012.11.04"]
[Round "9.86"]
[White "Balaian, Alina"]
[Black "Ulyanin, Sergei"]
[Result "1-0"]
[WhiteTitle "WIM"]
[BlackTitle "FM"]
[WhiteElo "2180"]
[BlackElo "2308"]
[WhiteFideId "24115347"]
[BlackFideId "24105805"]
[EventDate "2012.10.27"]

1. e4 c6 2. d4 d5 3. f3 e6 4. Nc3 Nf6 5. Bf4 c5 6. Nb5 Na6 7. e5 Nd7 8. c3 cxd4
9. cxd4 Bb4+ 10. Bd2 O-O 11. f4 f6 12. Nf3 fxe5 13. fxe5 Nb6 14. b3 Bd7 15. a3
Bxb5 16. Bxb5 Bxd2+ 17. Qxd2 Rc8 18. O-O Nb8 19. Bd3 Qe7 20. Qg5 Rc7 21. Bxh7+
Kxh7 22. Qh5+ Kg8 23. Ng5 g6 24. Qxg6+ Kh8 25. Qh6+ Kg8 26. Rxf8+ Qxf8 27. Qxf8+
Kxf8 28. Nxe6+ Ke7 29. Nxc7 a6 30. Rf1 Nc6 31. e6 Nd8 32. h4 Kd6 33. h5 Nc8 34.
h6 Ne7 35. h7 Ng6 36. Rf6 Nh8 37. Rf8 1-0

[Event "Chigorin Memorial"]
[Site "St Petersburg RUS"]
[Date "2012.11.04"]
[Round "9.87"]
[White "Barhudarian, Rafael"]
[Black "Antinyan, Armen"]
[Result "1/2-1/2"]
[WhiteTitle "FM"]
[WhiteElo "2305"]
[BlackElo "2177"]
[WhiteFideId "4182685"]
[BlackFideId "13303112"]
[EventDate "2012.10.27"]

1. Nc3 d5 2. e4 dxe4 3. Nxe4 e6 4. d4 Be7 5. Nf3 Nf6 6. Bd3 Nbd7 7. Qe2 h6 8.
O-O O-O 9. Ne5 Nxe4 10. Qxe4 f5 11. Qf3 Nxe5 12. dxe5 Qd5 13. Qg3 Kh8 14. Re1
Bd7 15. Bd2 Bc6 16. c4 Qd4 17. Bc3 Qh4 18. Rad1 Qxg3 19. hxg3 Rad8 20. b4 Ba4
21. Rd2 Rd7 22. Kf1 Rfd8 23. Ke2 a6 24. Ke3 Bc6 25. f3 Bg5+ 26. f4 Be7 27. Red1
a5 28. a3 axb4 29. axb4 Ra8 30. Bb1 Rxd2 31. Rxd2 Ra3 32. Kd4 b6 33. Ra2 Rxa2
34. Bxa2 Kg8 35. c5 bxc5+ 36. bxc5 Kf7 37. g4 fxg4 38. f5 Bxg2 39. Bxe6+ Ke8 40.
f6 gxf6 41. Bxg4 fxe5+ 42. Kxe5 Bxc5 43. Bd2 Bf8 44. Ke6 Bg7 45. Bf4 c6 46. Bh5+
Kf8 47. Kd6 Kg8 48. Kc5 Bf8+ 49. Kb6 Kh7 50. Be3 Be7 51. Be8 Bg5 52. Bd4 Bf3 53.
Kc5 Bf4 54. Kb6 Bc1 55. Kc5 Ba3+ 56. Kb6 Be7 57. Be3 Bg5 58. Bd4 Bf4 59. Kc5 Bb8
60. Kb6 Bf4 61. Kc5 Be4 62. Kb6 Bb8 63. Be3 Be5 64. Bxc6 1/2-1/2

[Event "Chigorin Memorial"]
[Site "St Petersburg RUS"]
[Date "2012.11.04"]
[Round "9.88"]
[White "Petrova, Irina"]
[Black "Donskov, Anatoly"]
[Result "0-1"]
[WhiteTitle "WFM"]
[BlackTitle "FM"]
[WhiteElo "2167"]
[BlackElo "2305"]
[WhiteFideId "14124122"]
[BlackFideId "24143413"]
[EventDate "2012.10.27"]

1. d4 Nf6 2. c4 e6 3. Nc3 Bb4 4. e3 c5 5. Bd3 O-O 6. Nf3 d5 7. O-O Nc6 8. a3
Bxc3 9. bxc3 Qc7 10. Qc2 Na5 11. Ne5 dxc4 12. Nxc4 Nxc4 13. Bxc4 Bd7 14. Bd3
Rac8 15. Qe2 e5 16. dxe5 Qxe5 17. Bb2 Ng4 18. g3 c4 19. Bc2 Rfe8 20. Rad1 Qh5
21. f3 Nxe3 22. Rxd7 Qb5 23. Rd2 Nxc2 24. Qf2 Qxb2 25. Rxc2 Qxa3 26. Rb1 b6 27.
Rcc1 Qc5 28. Ra1 a5 29. Rcb1 Re6 30. Rb2 Qxf2+ 31. Kxf2 Kf8 32. Rb5 Ke7 33. Ra2
Rcc6 34. Rab2 Kd7 35. g4 Kc7 36. h4 Rcd6 37. Rf5 Rf6 38. Rg5 g6 39. Re2 Rd3 40.
Re3 Rxe3 41. Kxe3 Rd6 42. Ke2 Kc6 43. h5 Rd5 44. hxg6 hxg6 0-1

[Event "Chigorin Memorial"]
[Site "St Petersburg RUS"]
[Date "2012.11.04"]
[Round "9.89"]
[White "Minko, Vladimir"]
[Black "Hallaeva, Bahar"]
[Result "1/2-1/2"]
[BlackTitle "WFM"]
[WhiteElo "2293"]
[BlackElo "2139"]
[WhiteFideId "24146706"]
[BlackFideId "14000679"]
[EventDate "2012.10.27"]

1. d4 Nf6 2. Nf3 e6 3. g3 b6 4. Bg2 Bb7 5. c4 d5 6. Nc3 Be7 7. cxd5 exd5 8. Nh4
O-O 9. Nf5 Bb4 10. O-O Re8 11. Bg5 c6 12. e4 Bc8 13. Nxg7 Kxg7 14. e5 Be7 15.
exf6+ Bxf6 16. Bxf6+ Qxf6 17. b4 Bf5 18. Qd2 b5 19. a4 Na6 20. axb5 Nxb4 21. Ra4
a5 22. Rfa1 Nc2 23. Rc1 Nb4 24. bxc6 Qxc6 25. Raa1 Qd7 26. Qg5+ Kf8 27. Na4 Qe6
28. Rc5 Rec8 29. Rxc8+ Rxc8 30. Nc5 Qg6 31. Qxg6 hxg6 32. Rxa5 Nc6 33. Ra4 Nxd4
34. Rxd4 Rxc5 35. Bxd5 Bh3 36. Rd1 Rc2 37. Bg2 Bxg2 38. Kxg2 Ra2 39. Rd4 Kg7 40.
h4 Ra5 41. Rg4 Kh6 42. Rf4 Kg7 43. g4 Rb5 44. Kg3 Ra5 45. g5 Ra1 46. Kf3 Ra3+
47. Kg4 Ra1 48. Rf3 Ra4+ 49. Rf4 Ra1 50. Re4 Rf1 51. f4 Rg1+ 52. Kf3 1/2-1/2

[Event "Chigorin Memorial"]
[Site "St Petersburg RUS"]
[Date "2012.11.04"]
[Round "9.90"]
[White "Melnikov, Dmitry"]
[Black "Saveliev, Alexei"]
[Result "1-0"]
[WhiteTitle "FM"]
[WhiteElo "2292"]
[BlackElo "2126"]
[WhiteFideId "4146468"]
[BlackFideId "24128546"]
[EventDate "2012.10.27"]

1. f4 c5 2. Nf3 Nc6 3. g3 g6 4. Bg2 Bg7 5. O-O Nf6 6. d3 d5 7. Qe1 O-O 8. e4
dxe4 9. dxe4 Nd4 10. Nxd4 Qxd4+ 11. Kh1 Be6 12. Nc3 Rfd8 13. Be3 Qb4 14. b3 Ng4
15. e5 Nxe3 16. Qxe3 Rab8 17. Rad1 b6 18. Bd5 Bg4 19. Bf3 Bxf3+ 20. Qxf3 e6 21.
Ne4 Qa5 22. a4 c4 23. Nd6 cxb3 24. Nb7 Rxd1 25. Nxa5 Rxf1+ 26. Qxf1 bxa5 27.
cxb3 Bf8 28. Qc4 Bb4 29. Qc7 Rb6 30. Qxa7 1-0

[Event "Chigorin Memorial"]
[Site "St Petersburg RUS"]
[Date "2012.11.04"]
[Round "9.91"]
[White "Bukhteeva, Viktoria"]
[Black "Nikolova, Adriana"]
[Result "0-1"]
[WhiteTitle "WFM"]
[BlackTitle "WGM"]
[WhiteElo "2165"]
[BlackElo "2290"]
[WhiteFideId "4192907"]
[BlackFideId "2908689"]
[EventDate "2012.10.27"]

1. e4 c5 2. Nf3 Nc6 3. d4 cxd4 4. Nxd4 Nf6 5. Nc3 d6 6. Bg5 e6 7. Qd2 a6 8.
O-O-O h6 9. Bxf6 Qxf6 10. Nxc6 bxc6 11. f4 Qd8 12. Qe3 Rb8 13. Be2 Qb6 14. Qxb6
Rxb6 15. Rhe1 Be7 16. Bc4 h5 17. Rd3 h4 18. Bb3 Rh6 19. Nd1 g5 20. Ne3 d5 21.
exd5 cxd5 22. f5 Kf8 23. Ng4 Rh5 24. Rc3 Rb8 25. Rce3 Bb4 26. R1e2 Bc5 27. Rc3
Bd6 28. Ne5 Bxe5 29. Rxe5 g4 30. Rce3 f6 31. Rxe6 Bxe6 32. fxe6 Ke7 33. Rc3 Rb6
34. Rc5 Re5 0-1

[Event "Chigorin Memorial"]
[Site "St Petersburg RUS"]
[Date "2012.11.04"]
[Round "9.93"]
[White "Turikov, Viktor"]
[Black "Chehlov, Aleksander"]
[Result "0-1"]
[WhiteTitle "FM"]
[BlackTitle "FM"]
[WhiteElo "2270"]
[BlackElo "2124"]
[WhiteFideId "4107810"]
[BlackFideId "11600632"]
[EventDate "2012.10.27"]

1. d4 Nf6 2. Nc3 d5 3. Bg5 Nbd7 4. f3 c6 5. e4 dxe4 6. fxe4 Qa5 7. Qd2 e6 8. Nf3
Bb4 9. Bd3 c5 10. O-O cxd4 11. Nxd4 Bc5 12. Be3 Ng4 13. Kh1 Nxe3 14. Qxe3 O-O
15. e5 Bxd4 16. Qxd4 Qxe5 17. Qh4 h6 18. Rae1 Qg5 19. Qe4 g6 20. Qd4 Qc5 21. Qh4
Qg5 22. Qf2 f5 23. Rxe6 Nf6 24. Re7 Bd7 25. Bc4+ Kh8 26. Rxd7 Nxd7 27. Qd4+ Nf6
28. h4 Qg3 29. Ne2 Qc7 30. Nf4 Rad8 31. Qc3 Rc8 32. Nxg6+ Kg7 33. Nxf8 Qxc4 34.
Ne6+ Qxe6 0-1

[Event "Chigorin Memorial"]
[Site "St Petersburg RUS"]
[Date "2012.11.04"]
[Round "9.94"]
[White "Sukhareva, Evgeniya"]
[Black "Kostyuchenko, Vladimir"]
[Result "1/2-1/2"]
[WhiteElo "2268"]
[BlackElo "2101"]
[WhiteFideId "4167155"]
[BlackFideId "4126084"]
[EventDate "2012.10.27"]

1. c4 e6 2. Nf3 Nf6 3. g3 b6 4. Bg2 Bb7 5. O-O Be7 6. b3 O-O 7. Bb2 c5 8. Re1
Qc7 9. Nc3 Nc6 10. e3 Rfd8 11. Qe2 Rac8 12. e4 d6 13. d3 a6 14. Rad1 Nd4 15.
Nxd4 cxd4 16. Nb1 e5 17. Rc1 Qd7 18. Nd2 b5 19. a3 Bc6 20. b4 Ra8 21. Nb3 bxc4
22. dxc4 Ba4 23. Nd2 g6 24. Qd3 Bf8 25. h3 Bh6 26. Rf1 Nh5 27. Kh2 Qe7 28. Rb1
Rac8 29. Nb3 Bxb3 30. Qxb3 Qe6 31. Bc1 Bf8 32. Bg5 f6 33. Bd2 Qxc4 34. Qxc4+
Rxc4 35. Rfc1 Rdc8 36. Rxc4 Rxc4 37. Rc1 Rxc1 38. Bxc1 Be7 39. Bf1 a5 40. Bc4+
Kf8 41. Bh6+ Ke8 42. Bb5+ Kf7 43. Bc4+ Ke8 44. bxa5 Bd8 45. a6 Bb6 46. a4 f5 47.
exf5 gxf5 48. Bg5 Kd7 49. Kg2 Ng7 50. Kf1 Ne6 51. a5 Bc5 52. Bxe6+ Kxe6 53. Bd8
Kd7 54. Bb6 Kc6 55. a7 Kb7 56. Ke2 e4 57. g4 fxg4 58. hxg4 Bb4 59. Kd1 d5 60.
a6+ Ka8 61. Bxd4 Ba5 62. Kc1 Bb4 1/2-1/2

[Event "Chigorin Memorial"]
[Site "St Petersburg RUS"]
[Date "2012.11.04"]
[Round "9.95"]
[White "Fomichenko, Svetlana"]
[Black "Koshil, Tikhon"]
[Result "1-0"]
[WhiteTitle "WGM"]
[WhiteElo "2256"]
[BlackElo "2048"]
[WhiteFideId "14101807"]
[BlackFideId "4126637"]
[EventDate "2012.10.27"]

1. e4 e5 2. Nf3 Nc6 3. d4 exd4 4. Bc4 Qe7 5. O-O d6 6. Nxd4 Nxd4 7. Qxd4 Qf6 8.
Qd3 Bd7 9. Nc3 c6 10. a4 Qg6 11. f4 f5 12. Re1 O-O-O 13. Qe3 Kb8 14. Nb5 c5 15.
Qd2 b6 16. a5 Nf6 17. axb6 axb6 18. e5 dxe5 19. fxe5 Ne4 20. Rxe4 fxe4 21. e6
Qf5 22. Qf4+ Qxf4 23. Bxf4+ Kc8 24. Ra8+ 1-0

[Event "Chigorin Memorial"]
[Site "St Petersburg RUS"]
[Date "2012.11.04"]
[Round "9.96"]
[White "Gorjunov, Sergey2"]
[Black "Naboka, Sergey"]
[Result "1-0"]
[WhiteElo "2134"]
[BlackElo "2256"]
[WhiteFideId "4166590"]
[BlackFideId "14123452"]
[EventDate "2012.10.27"]

1. e4 c5 2. Nf3 e6 3. c3 d5 4. exd5 Qxd5 5. d4 Nc6 6. Be2 Nf6 7. O-O Be7 8. c4
Qd8 9. dxc5 Qxd1 10. Rxd1 Ne4 11. Be3 Nb4 12. Nbd2 Nxc5 13. a3 Nc6 14. b4 Na4
15. Ne4 O-O 16. Rac1 f5 17. Nd6 f4 18. Nxc8 Raxc8 19. Bd2 Rcd8 20. b5 Nd4 21.
Nxd4 Rxd4 22. Bb4 Rxd1+ 23. Bxd1 Nc5 24. Bg4 Kf7 25. Re1 Re8 26. Rd1 b6 27. Rd4
e5 28. Rd5 Bf8 29. f3 g6 30. Kf1 h5 31. Bd7 Nxd7 32. Rxd7+ Ke6 33. Rxa7 Bxb4 34.
axb4 Rc8 35. Rb7 Rxc4 36. Rxb6+ Kf5 37. Ke2 Rxb4 38. Kd3 Rb2 39. Rb8 Rxg2 40. b6
Rb2 41. h4 Ke6 42. b7 Kd7 43. Rg8 Rxb7 44. Rg7+ Kc6 45. Rxb7 Kxb7 46. Ke4 g5 47.
hxg5 h4 48. g6 h3 49. g7 h2 50. g8=Q h1=Q 51. Qd5+ Ka7 52. Qxe5 Qe1+ 53. Kxf4
Qh4+ 54. Kf5 Qh7+ 55. Kg5 Qh1 56. f4 Qg2+ 57. Kf6 Qc6+ 58. Qe6 Qc3+ 59. Kf7 Ka8
60. Qe8+ Ka7 61. f5 Qf3 62. Qe7+ Ka8 63. f6 Qb3+ 64. Kf8 Qb6 65. Qe8+ Ka7 66.
Qd7+ Ka8 67. Qd5+ Ka7 68. f7 Qh6+ 69. Ke7 Qe3+ 70. Qe6 Qg5+ 71. Ke8 Qh5 72. Qe3+
Ka8 73. Qa3+ Kb7 74. Qb3+ Ka8 75. Ke7 Qc5+ 76. Kf6 Qd6+ 77. Qe6 Qd4+ 78. Qe5
Qb6+ 79. Kg7 Qg1+ 80. Kh8 Qh1+ 81. Kg8 Qg2+ 82. Qg7 Qd5 83. Qg6 Ka7 84. Kh8 Qd4+
85. Qg7 Qh4+ 86. Qh7 Qd4+ 87. Kg8 Qd5 88. Qh4 Ka8 89. Qf6 Qg2+ 90. Kf8 Qd5 91.
Ke7 Qb7+ 92. Ke6 Qc6+ 93. Kf5 Qd5+ 94. Kg6 Qg2+ 95. Qg5 Qe4+ 96. Kg7 Qd4+ 97.
Kh7 Qe4+ 98. Kg8 Qc4 99. Qd8+ Kb7 100. Qd7+ Ka8 101. Kg7 Qc3+ 102. Kg6 Qg3+ 103.
Kf6 Qc3+ 104. Ke6 Qe3+ 105. Kd6 Qg3+ 106. Kc6 Qc3+ 107. Kb6 Qe3+ 108. Kc7 Qf4+
109. Kd8 Qg5+ 110. Qe7 Qd5+ 111. Ke8 Qb5+ 112. Qd7 Qe5+ 113. Qe7 Qh5 114. Qe4+
Ka7 115. Qd4+ Ka8 116. Ke7 Qg5+ 117. Kd7 Qf5+ 118. Ke7 Qg5+ 119. Qf6 Qc5+ 120.
Qd6 Qg5+ 121. Ke8 Qh5 122. Qc6+ Ka7 123. Qd6 Ka8 124. Qe6 Qb5+ 125. Ke7 Qc5+
126. Qd6 Qg5+ 127. Kd7 Qg4+ 128. Ke8 Qa4+ 129. Qd7 Qe4+ 130. Qe7 Qc6+ 131. Qd7
Qg6 132. Qd5+ Ka7 133. Ke7 Qh7 134. Qd7+ Ka8 135. Qg4 Ka7 136. Ke8 1-0

[Event "Chigorin Memorial"]
[Site "St Petersburg RUS"]
[Date "2012.11.04"]
[Round "9.97"]
[White "Vorobjev, Dmitry"]
[Black "Aleksanyan, Gor"]
[Result "1-0"]
[WhiteElo "2256"]
[BlackElo "1948"]
[WhiteFideId "24112178"]
[BlackFideId "13306626"]
[EventDate "2012.10.27"]

1. d4 Nf6 2. c4 c5 3. d5 b5 4. cxb5 a6 5. bxa6 g6 6. Nc3 Bxa6 7. e4 Bxf1 8. Kxf1
d6 9. g3 Bg7 10. Kg2 O-O 11. Nf3 Nbd7 12. Rb1 Ng4 13. Ng5 Nge5 14. b3 h6 15. Nf3
Qa5 16. Nxe5 Bxe5 17. Na4 Bg7 18. Qd2 Qb5 19. Bb2 Bxb2 20. Rxb2 Rfb8 21. Rc2 Kh7
22. Nc3 Qb4 23. Re1 Rc8 24. Nb1 Qb5 25. Qe2 Qb4 26. Nd2 Ra7 27. Nc4 Rca8 28. Rb1
Nb6 29. Nxb6 Qxb6 30. Rbb2 Ra3 31. f4 R8a6 32. h4 h5 33. f5 Qb4 34. g4 hxg4 35.
Qxg4 Qd4 36. fxg6+ fxg6 37. Rf2 Qg7 38. Qe6 Kh8 39. Rbe2 Ra8 40. Rf7 Qh6 41. Kg3
R3a7 42. Ref2 Rg8 43. a4 Rb7 44. Kg2 Rxb3 45. Qxe7 g5 46. Rf8 Rb8 47. Rxb8 Rxb8
48. hxg5 Qg7 49. Qxg7+ Kxg7 50. Rf6 c4 51. Rxd6 Rb4 52. Kf3 1-0

[Event "Chigorin Memorial"]
[Site "St Petersburg RUS"]
[Date "2012.11.04"]
[Round "9.98"]
[White "Mrykhin, Igor"]
[Black "Ignatyev, Viktor"]
[Result "1-0"]
[WhiteElo "2110"]
[BlackElo "2254"]
[WhiteFideId "24168106"]
[BlackFideId "24182915"]
[EventDate "2012.10.27"]

1. b4 e5 2. Bb2 d6 3. e3 f5 4. f4 e4 5. Bc4 Nf6 6. a3 d5 7. Bb3 a5 8. Nc3 Na6 9.
b5 Nc5 10. Nge2 Be7 11. Na4 Nxb3 12. cxb3 O-O 13. Rc1 Bd7 14. Nd4 Rc8 15. Nc5
Bxc5 16. Rxc5 c6 17. bxc6 bxc6 18. Qc2 Qb6 19. O-O Rc7 20. Rc1 Rb8 21. Qc3 Ra7
22. a4 Ra6 23. h3 h6 24. Kf2 Kh7 25. Ke2 Kg6 26. Kd1 Rc8 27. Kc2 Kh7 28. Kb1 Kg8
29. Ka2 Kh7 30. Rg1 Kh8 31. Ne2 Ra7 32. Rc1 Ra6 33. Qc2 Ne8 34. Be5 Qd8 35. Qc3
Kh7 36. g3 Qb6 37. Rg1 h5 38. Rc1 Qd8 39. Nd4 Qb6 40. Qc2 Qd8 41. Qd1 Kg6 42. g4
hxg4 43. hxg4 fxg4 44. f5+ Bxf5 45. Qf1 1-0

[Event "Chigorin Memorial"]
[Site "St Petersburg RUS"]
[Date "2012.11.04"]
[Round "9.99"]
[White "Trapeznikova, Darya"]
[Black "Zhurikhin, Alexander"]
[Result "1/2-1/2"]
[WhiteElo "2072"]
[BlackElo "2254"]
[WhiteFideId "24121118"]
[BlackFideId "4139569"]
[EventDate "2012.10.27"]

1. d4 Nf6 2. c4 e6 3. Nf3 b6 4. e3 Bb4+ 5. Nbd2 Bb7 6. Bd3 O-O 7. O-O c5 8. a3
Bxd2 9. Nxd2 d5 10. dxc5 bxc5 11. Qc2 Nbd7 12. cxd5 exd5 13. b3 Rc8 14. Rd1 Qc7
15. Bb2 c4 16. bxc4 dxc4 17. Qxc4 Qb8 18. Qh4 Rc5 19. Qg3 Qa8 20. Nf3 h6 21. a4
Rfc8 22. Bb5 Nh5 23. Qh3 Ndf6 24. Rac1 Rxc1 25. Rxc1 Rxc1+ 26. Bxc1 Bc8 27. Qh4
Bg4 28. Bb2 Bxf3 29. gxf3 Qxf3 30. Bxf6 Nxf6 31. Qg3 Qd1+ 32. Kg2 Qd5+ 33. Qf3
Ne4 34. Be8 Qg5+ 35. Kh1 f5 36. Bd7 g6 37. Bc6 Nc3 38. e4 Qc1+ 39. Kg2 Qg5+ 40.
Kh1 Qc1+ 41. Kg2 fxe4 42. Bxe4 Kg7 43. Qd3 Qg5+ 44. Kh1 Qc1+ 45. Kg2 1/2-1/2

[Event "Chigorin Memorial"]
[Site "St Petersburg RUS"]
[Date "2012.11.04"]
[Round "9.100"]
[White "Gantsevich, Aleksei"]
[Black "Toivonen, Alexander V."]
[Result "0-1"]
[BlackTitle "FM"]
[WhiteElo "2046"]
[BlackElo "2250"]
[WhiteFideId "24131610"]
[BlackFideId "4107918"]
[EventDate "2012.10.27"]

1. e4 e5 2. Nf3 Nf6 3. Nxe5 d6 4. Nf3 Nxe4 5. d4 d5 6. Bd3 Nc6 7. O-O Be7 8. c4
Nb4 9. Be2 O-O 10. Nc3 Be6 11. Ne5 f6 12. Nf3 Kh8 13. Qb3 Nxc3 14. bxc3 dxc4 15.
Bxc4 Bxc4 16. Qxc4 Nd5 17. Qb3 b5 18. Bd2 Qd7 19. Rab1 c6 20. c4 bxc4 21. Qxc4
Bd6 22. Rfc1 Rac8 23. Rb3 Rfe8 24. Rcb1 Qf5 25. Qd3 Re4 26. g3 g6 27. Nh4 Qe6
28. Rb7 Re8 29. Nf3 Qg4 30. Kg2 Re2 31. Ng1 Ne3+ 32. Bxe3 R8xe3 33. Qxe3 Rxe3
34. fxe3 c5 35. Nf3 Qe4 36. Kf2 c4 37. Nd2 Qd3 38. R1b2 c3 39. R2b3 Qxd2+ 0-1

[Event "Chigorin Memorial"]
[Site "St Petersburg RUS"]
[Date "2012.11.04"]
[Round "9.101"]
[White "Klevets, Ksenia"]
[Black "Vunder, Andrey"]
[Result "0-1"]
[WhiteElo "1861"]
[BlackElo "2243"]
[WhiteFideId "24157937"]
[BlackFideId "4128338"]
[EventDate "2012.10.27"]

1. e4 e6 2. d4 d5 3. e5 c5 4. c3 Qb6 5. Nf3 Nc6 6. a3 Nh6 7. b4 cxd4 8. cxd4 Nf5
9. Be3 f6 10. exf6 gxf6 11. Bd3 Nxe3 12. fxe3 e5 13. Nh4 Be6 14. Qh5+ Kd7 15.
Bf5 Ne7 16. dxe5 Qxe3+ 17. Kd1 Nxf5 0-1

[Event "Chigorin Memorial"]
[Site "St Petersburg RUS"]
[Date "2012.11.04"]
[Round "9.102"]
[White "Valli, Frans"]
[Black "Shagdurov, Denis"]
[Result "1/2-1/2"]
[WhiteElo "2240"]
[BlackElo "1890"]
[WhiteFideId "506087"]
[BlackFideId "24136735"]
[EventDate "2012.10.27"]

1. e4 c6 2. d4 d5 3. Nc3 dxe4 4. Nxe4 Nf6 5. Nxf6+ exf6 6. c3 Bd6 7. Bd3 O-O 8.
Qc2 h6 9. Ne2 c5 10. Be3 Qc7 11. O-O-O c4 12. Bh7+ Kh8 13. Be4 Qa5 14. Kb1 Re8
15. Ka1 f5 16. Bf3 Nd7 17. Bf4 Bxf4 18. Nxf4 Nf6 19. Rhe1 Bd7 20. Qc1 Ne4 21.
Re2 Re7 22. Rde1 Rae8 23. g3 Bc6 24. Re3 Kg8 25. Bd1 Kf8 26. f3 Nf6 27. Rxe7
Rxe7 28. Rxe7 Kxe7 29. Qe3+ Kf8 30. Be2 Qb5 31. b3 Nd5 32. Nxd5 Bxd5 33. Qe5 Qc6
34. Qe3 cxb3 35. c4 Bxc4 36. Bxc4 b2+ 37. Kxb2 Qxc4 38. Qe5 Qb4+ 39. Kc2 Qa4+
40. Kb2 Qb4+ 41. Kc2 Qa4+ 42. Kb2 Qb4+ 1/2-1/2

[Event "Chigorin Memorial"]
[Site "St Petersburg RUS"]
[Date "2012.11.04"]
[Round "9.103"]
[White "Kazakov, Maksym"]
[Black "Schepetkova, Margarita"]
[Result "1/2-1/2"]
[WhiteElo "2015"]
[BlackElo "2239"]
[WhiteFideId "14128756"]
[BlackFideId "4189949"]
[EventDate "2012.10.27"]

1. d4 d5 2. c4 c6 3. cxd5 cxd5 4. Nf3 Nf6 5. Nc3 Nc6 6. Bf4 a6 7. e3 Bf5 8. Bd3
Bxd3 9. Qxd3 e6 10. O-O Be7 11. h3 O-O 12. Ne5 Rc8 13. Rac1 Qa5 14. a3 Nxe5 15.
dxe5 Nd7 16. e4 d4 17. Qxd4 Rfd8 18. Qa4 Qb6 19. b4 Rc4 20. Qb3 Rdc8 21. Ne2
Rxc1 22. Rxc1 Rxc1+ 23. Nxc1 Qc6 24. Qd3 Nxe5 25. Bxe5 Qxc1+ 26. Kh2 Qc6 27. Qc3
Bd6 28. Qd4 Bxe5+ 29. Qxe5 Kf8 30. Qd4 f6 31. Qd8+ Kf7 32. Qd4 Ke7 33. g3 Qd6
34. Qc3 Kd7 35. Kg2 h6 36. h4 Qd1 37. Qe3 Qd6 38. Qc3 Qc6 39. Qd3+ Kc7 40. Kf1
Qc1+ 41. Ke2 Kc6 42. Qb3 Kd6 43. Qd3+ Kc6 1/2-1/2

[Event "Chigorin Memorial"]
[Site "St Petersburg RUS"]
[Date "2012.11.04"]
[Round "9.104"]
[White "Pershin, Denis"]
[Black "Iljiushenok, Ilia"]
[Result "0-1"]
[WhiteElo "2100"]
[BlackElo "2427"]
[WhiteFideId "24165506"]
[BlackFideId "24105074"]
[EventDate "2012.10.27"]

1. e4 c5 2. Nf3 d6 3. d4 cxd4 4. Nxd4 Nf6 5. Nc3 a6 6. Bg5 e6 7. f4 h6 8. Bh4
Qb6 9. Qd2 Qxb2 10. Rb1 Qa3 11. e5 dxe5 12. fxe5 Nfd7 13. Ne4 Qxa2 14. Rb3 Nc6
15. Nxc6 bxc6 16. Qc3 Qa4 17. Bd3 Nc5 18. Nxc5 Qxh4+ 19. g3 Qd8 20. Be4 Qc7 21.
Nxe6 Bxe6 22. Bxc6+ Bd7 23. Bxa8 Qxc3+ 24. Rxc3 Bb4 25. Kd2 Ke7 26. Bb7 Rd8 0-1

[Event "Chigorin Memorial"]
[Site "St Petersburg RUS"]
[Date "2012.11.04"]
[Round "9.105"]
[White "Nikologorskiy, Konstantin"]
[Black "Bratus, Petr P"]
[Result "1-0"]
[WhiteTitle "FM"]
[WhiteElo "2400"]
[BlackElo "2114"]
[WhiteFideId "24111708"]
[BlackFideId "4168682"]
[EventDate "2012.10.27"]

1. c4 Nf6 2. Nc3 g6 3. e4 d6 4. g3 Bg7 5. Bg2 c5 6. Nge2 Nc6 7. O-O O-O 8. Rb1
Ne8 9. a3 Nc7 10. b4 Ne6 11. b5 Ncd4 12. Bb2 Rb8 13. Nc1 b6 14. Nd3 Nc7 15. f4
e6 16. Ne2 Nxe2+ 17. Qxe2 f5 18. e5 d5 19. Nf2 dxc4 20. Qxc4 a6 21. a4 axb5 22.
axb5 Bd7 23. Ba3 Qe8 24. Rfc1 Nxb5 25. Bb2 Qe7 26. Ra1 Rfc8 27. Nd1 Qe8 28. Ne3
Bf8 29. g4 Nd4 30. Bxd4 cxd4 31. Qxd4 Bc5 32. Qb2 Bxe3+ 33. dxe3 fxg4 34. Rd1
Rc7 35. Rd6 b5 36. Qb4 Qc8 37. Rad1 Qe8 38. Qd2 Bc6 39. Rc1 Bxg2 40. Rxc7 Bd5
41. Rxd5 1-0

[Event "Chigorin Memorial"]
[Site "St Petersburg RUS"]
[Date "2012.11.04"]
[Round "9.107"]
[White "Buchenau, Frank"]
[Black "Aseev, Vladimir"]
[Result "1-0"]
[WhiteTitle "FM"]
[WhiteElo "2324"]
[BlackElo "2095"]
[WhiteFideId "4604350"]
[BlackFideId "24121371"]
[EventDate "2012.10.27"]

1. c4 Nf6 2. g3 g6 3. Bg2 Bg7 4. Nc3 O-O 5. e4 d6 6. Nge2 c5 7. O-O Nc6 8. d3
Rb8 9. h3 a6 10. Be3 b5 11. cxb5 axb5 12. d4 Nd7 13. Re1 Ba6 14. a3 b4 15. axb4
Nxb4 16. Nd5 Bc8 17. Qd2 e6 18. Bg5 f6 19. Nxb4 Rxb4 20. Be3 Qb6 21. Ra2 Bb7 22.
dxc5 Nxc5 23. Nc3 Qd8 24. Rd1 Qc7 25. Qxd6 Qxd6 26. Rxd6 Nxe4 27. Nxe4 Bxe4 28.
Bd2 Rc4 29. Rxe6 Bxg2 30. Kxg2 Rc7 31. b4 Rb7 32. Be3 Rd8 33. Bc5 f5 34. Rae2
Bc3 35. Re8+ Rxe8 36. Rxe8+ Kf7 37. Re3 Bd2 38. Rd3 Bg5 39. Kf3 Be7 40. Kf4 Bxc5
41. bxc5 Rc7 42. Rc3 Kf6 43. h4 Rc6 44. g4 h6 45. gxf5 gxf5 46. h5 Ke6 47. Re3+
Kd7 48. Re5 1-0